| Tag |
First Indicator |
Second Indicator |
Subfields |
| LEADER |
00000cam a2200000 a 4500 |
| 001 |
in00002578421 |
| 005 |
20151201153449.0 |
| 008 |
930611s1994 nyuab b 001 0 eng |
| 010 |
|
|
|a 93011535
|
| 020 |
|
|
|a 0393963047
|
| 020 |
|
|
|a 9780393963045
|
| 035 |
|
|
|a (OCoLC)ocm28424156
|
| 040 |
|
|
|a DLC
|c DLC
|d TXA
|d UtOrBLW
|
| 043 |
|
|
|a e------
|
| 049 |
|
|
|a TXAM
|
| 050 |
0 |
0 |
|a CB359
|b .R5 1994
|
| 082 |
0 |
0 |
|a 940.2
|2 20
|
| 100 |
1 |
|
|a Rice, Eugene F.
|
| 245 |
1 |
4 |
|a The foundations of early modern Europe, 1460-1559 /
|c Eugene F. Rice Jr. with Anthony Grafton.
|
| 250 |
|
|
|a 2nd ed.
|
| 264 |
|
1 |
|a New York :
|b W.W. Norton,
|c [1994]
|
| 264 |
|
4 |
|c ©1994
|
| 300 |
|
|
|a xiv, 218 pages :
|b illustrations, maps ;
|c 21 cm.
|
| 336 |
|
|
|a text
|b txt
|2 rdacontent
|
| 337 |
|
|
|a unmediated
|b n
|2 rdamedia
|
| 338 |
|
|
|a volume
|b nc
|2 rdacarrier
|
| 490 |
1 |
|
|a The Norton history of modern Europe
|
| 504 |
|
|
|a Includes bibliographical references (pages [203]-207) and index.
|
| 505 |
0 |
|
|a Science, technology, and discovery -- The economic expansion of Europe -- Renaissance society and humanist culture -- The formation of the early modern state -- Revolution and reformation in the church : the problem of authority -- Revolution and reformation in the church : the problem of conversion.
|
| 520 |
|
|
|a This synthesis of Europe's Renaissance and Reformation periods thematically traces the transition from the medieval to the modern. The major themes of the book include technological breakthroughs and their social and economic consequences, the connections between the discovery of new lands and the recovery of ancient learning, Europe's economic expansion, humanist culture, the formation of the early modern state, and reform and revolution in the Church.
|
| 650 |
|
0 |
|a Renaissance.
|
| 650 |
|
0 |
|a Reformation.
|
| 651 |
|
0 |
|a Europe
|x Civilization.
|
| 700 |
1 |
|
|a Grafton, Anthony.
|
| 830 |
|
0 |
|a Norton history of modern Europe.
|
| 948 |
|
|
|a cataloged
|b h
|c 2010/8/10
|d c
|e dmitchel
|f 1:20:10 pm
|
| 994 |
|
|
|a C0
|b TXA
|
| 999 |
|
|
|a MARS
|
| 999 |
f |
f |
|s 67d77c55-4838-3a94-9401-bc4bb523c225
|i cf7c3ebb-f2e9-33f3-9881-65b0f2071087
|t 0
|
| 952 |
f |
f |
|p ric
|a Texas A&M University
|b Rellis Campus
|c Joint Library Facility
|d Remote Storage
|t 0
|e CB359 .R5 1994
|h Library of Congress classification
|i unmediated -- volume
|m A14839029193
|
| 998 |
f |
f |
|a CB359 .R5 1994
|t 0
|l Remote Storage
|